| 000 | 00487nam a2200181Ia 4500 | ||
|---|---|---|---|
| 008 | 240729s9999 xx 000 0 und d | ||
| 022 | _a2668-8530 | ||
| 245 | 0 | _aRomanian Journal of Ecology & Environmental Chemistry | |
| 260 | _aRomania | ||
| 260 | _bEstfalia | ||
| 650 | _a Biology (General) | ||
| 650 | _a Chemistry | Science | ||
| 650 | _a Ecology | ||
| 650 | _aScience | ||
| 856 | _uhttps://doaj.org/toc/160b869124ad490ea02b0ab4b6709932 | ||
| 942 | _2ddc | ||
| 942 | _cDOAJEJ | ||
| 999 |
_c73477 _d73477 |
||
| 945 |
_a1 _bMadushi Gamage _c1 _dMadushi Gamage |
||